| 000 | 01055nam a2200253 a 4500 | ||
|---|---|---|---|
| 001 | 26157 | ||
| 003 | CO-ViMGA | ||
| 005 | 20230915224406.0 | ||
| 008 | 141112s2004 ck r 000 u spa d | ||
| 015 | _ack - 2013 - xxxx | ||
| 020 | _a9789582422684 | ||
| 040 |
_aCO-ViMGA _bspa _cCO-ViMGA |
||
| 082 | _a510.7 J59m 9 | ||
| 245 | 1 | 0 |
_aLos Caminos del saber : _bmatemáticas 9 / _cAnneris del Rocío Joya Vega ... [et al.] ; ilustraciones Diomedes Guilombo Ramírez ... [et al.] ; fotografía Jairo Eduardo Sanabria Rodríguez ... [et al.]. |
| 250 | _aEditora Diana Constanza Salgado Ramírez. | ||
| 260 |
_aBogotá : _bEditorial Santillana, _c2013. |
||
| 300 | _a336 p. : il., fot. ; 28 cm. | ||
| 500 | _aTexto para la enseñanza del área de formación de matemáticas para el grado noveno de educación básica secundaria. Edición alumno. | ||
| 504 | _aIncluye bibliografía e índice. | ||
| 650 | 1 | 4 | _aMatemáticas - Enseñanza secundaria. |
| 700 | 1 |
_aJoya Vega, Anneris del Rocío. _94574 |
|
| 942 |
_2ddc _cBK |
||
| 949 | _ac n | ||
| 999 |
_c10558 _d10558 |
||